| 000 | 01308nam a2200229Ia 4500 | ||
|---|---|---|---|
| 003 | Ost | ||
| 005 | 20260507075032.0 | ||
| 008 | 260507s9999||||xx |||||||||||||| ||und|| | ||
| 020 | _a9303904977 | ||
| 040 | _cfsecg | ||
| 041 | _aara | ||
| 082 | _a330 | ||
| 100 |
_aعطية، أحمد صلاح _eمؤلف |
||
| 245 | 0 |
_aمشاكل المراجعة في أسواق المال / _c أحمد صلاح عطية |
|
| 260 |
_aالإسكندرية: _bالدار الجامعية, _c2003 |
||
| 300 |
_a297 صفحة؛ _bإيضاحات ؛ _c24 سم |
||
| 520 | _aمقدمة في طبيعة الاسواق المالية- مشاكل مراجعة صناديق الإستثمار- أهداف مراجعة صناديق الإستثمار- إجراءات مراجعة صناديق الإستثمار-عروض لإبراز مشاكل مراجعة صناديق الإستثمار في مصر والحلول المقترحة- مراجعة الادوات المالية المشتقة- طبيعة الأدوات المالية المشتقة- الأهداف المنشودة من مراجعة عمليات المشتقات- إطار مفتوح لمراجعة عمليات المشتقات | ||
| 653 | _aالإستثمار | ||
| 653 | _aالبورصات | ||
| 653 | _aمراجعة الحسابات | ||
| 942 | _cكتاب | ||
| 999 |
_c42410 _d42410 |
||